Statistiques concernant Générique Bob l'éponge

Cliquez ici pour prendre le quiz!

Statistiques générales

  • Ce quiz a été pris 6 944 fois
  • Le résultat moyen est 58 sur 78

Statistiques - réponses

Paroles% Correct
l'
99%
l'
99%
l'
99%
l'
99%
l'
99%
l'
99%
l'
99%
l'
99%
Bob
98%
Bob
98%
Bob
98%
Bob
98%
Bob
98%
Bob
98%
Bob
98%
Bob
98%
éponge
97%
éponge
97%
éponge
97%
éponge
97%
éponge
97%
éponge
97%
éponge
97%
éponge
97%
a
95%
mer ?
91%
dans
90%
dans
90%
Qui
90%
Qui
90%
qui
90%
Qui
90%
la
89%
un
89%
un
89%
ananas
88%
vit
86%
Wohoho
82%
carrée !
81%
carrée !
81%
carrée !
81%
carrée !
81%
carrée !
81%
carrée !
81%
carrée !
81%
carrée !
81%
Capitaine !
61%
Capitaine !
61%
les
61%
Oui
61%
Oui
61%
pas
60%
pas
60%
J'
58%
ai
57%
carrière ?
57%
enfants ?
57%
faire
57%
y
55%
oh
54%
oh...
54%
Oh...
54%
bien
50%
entendu !
50%
vous
50%
des
49%
il
47%
peur
47%
poissons ?
42%
méchants
41%
gros
40%
Prêts
40%
compte
37%
Si
35%
avez
34%
faut
34%
appeler ?
33%
souhait
27%

Distribution des résultats

Percentile par nombre de réponses

% des personnes avec chaque résultat

Votre développement - résultats

Vous n’avez pas pris ce quiz